Bài tập Ngữ Văn 6

Gespeichert in:
Bibliographische Detailangaben
Format: Buch
Sprache:Undetermined
Veröffentlicht: Hà Nội Giáo dục 2010
Schlagworte:
Tags: Tag hinzufügen
Keine Tags, Fügen Sie den ersten Tag hinzu!
Thư viện lưu trữ: Trung tâm Học liệu Trường Đại học Cần Thơ
LEADER 00554nam a2200193Ia 4500
001 CTU_157955
008 210402s9999 xx 000 0 und d
020 |c 4000 
082 |a 495.9220712 
082 |b B103/T.2/L.6 
245 0 |a Bài tập Ngữ Văn 6 
245 0 |c Nguyễn Khắc Thi, ... [et.al] 
260 |a Hà Nội 
260 |b Giáo dục 
260 |c 2010 
650 |a Vietnamese language 
650 |x Study and teaching (Secondary) 
904 |i Bạch Trúc 
980 |a Trung tâm Học liệu Trường Đại học Cần Thơ